[Event "III Weekend A"]
[Site "Lesa ITA"]
[Date "2014.09.21"]
[Round "5"]
[White "Montilli, Vincenzo"]
[Black "D'avino, Gianfranco"]
[WhiteElo "2129"]
[BlackElo "1890"]
[Result "1-0"]
[PlyCount "59"]
[EventDate "2014.09.19"]

1. Nf3 d5 2. c4 c6 3. d4 Nf6 4. e3 e6 5. Nc3 Be7 6. b3 b6 7. Bb2 Bb7 8. Bd3
dxc4 9. bxc4 c5 10. d5 exd5 11. cxd5 Nbd7 12. e4 a6 13. O-O O-O 14. e5 Ne8 15.
d6 Bg5 16. Re1 Bf4 17. Be4 Bxe4 18. Rxe4 Bh6 19. Qd5 Ndf6 20. exf6 Nxf6 21. Qd3
Nxe4 22. Nxe4 Bf4 23. Be5 Bxe5 24. Nxe5 Re8 25. Qd5 Re6 26. Nxf7 Kxf7 27. Ng5+
Qxg5 28. Qxg5 Rae8 29. Qf5+ Kg8 30. h4 1-0

[Event "III Weekend A"]
[Site "Lesa ITA"]
[Date "2014.09.21"]
[Round "5"]
[White "Sbarra, Marco"]
[Black "Mandelli, Giacomo"]
[WhiteElo "2192"]
[BlackElo "1793"]
[Result "1-0"]
[PlyCount "75"]
[EventDate "2014.09.19"]

1. c4 Nf6 2. Nc3 c5 3. Nf3 g6 4. e3 Bg7 5. Be2 d6 6. O-O O-O 7. h3 Nc6 8. d4
Nd7 9. d5 Nce5 10. Ne1 f5 11. f4 Nf7 12. Bd3 Nf6 13. e4 fxe4 14. Nxe4 Qc7 15.
Nf3 Nxe4 16. Bxe4 Nh6 17. Qe1 Nf5 18. Ng5 Rb8 19. g4 Bd4+ 20. Kg2 Nh6 21. Qh4
Bg7 22. f5 gxf5 23. gxf5 Rf6 24. Bd2 b5 25. Ne6 Bxe6 26. fxe6 Rbf8 27. Rxf6
Rxf6 28. Bc3 Nf5 29. Bxf5 Rxf5 30. Qg4 Re5 31. Bxe5 dxe5 32. Rf1 Qa5 33. Qh5
Qd8 34. b3 bxc4 35. bxc4 Bf6 36. Qf7+ Kh8 37. Rxf6 exf6 38. e7 1-0

[Event "III Weekend A"]
[Site "Lesa ITA"]
[Date "2014.09.21"]
[Round "5"]
[White "Velluti, Alberto"]
[Black "Gemelli, Giovanni"]
[WhiteElo "1924"]
[BlackElo "1879"]
[Result "0-1"]
[PlyCount "76"]
[EventDate "2014.09.19"]

1. e4 c5 2. Nf3 Nc6 3. d4 cxd4 4. Nxd4 Nf6 5. Nc3 d6 6. Be3 Ng4 7. Nxc6 bxc6 8.
Bc1 Nf6 9. Bc4 e6 10. O-O d5 11. exd5 cxd5 12. Qf3 Bd7 13. Bb3 Be7 14. Bf4 O-O
15. Rad1 Qb6 16. Be5 Bc6 17. Qg3 Rac8 18. Rd2 Rfd8 19. Rfd1 g6 20. Qg5 Nd7 21.
Qxe7 Nxe5 22. Qg5 Nd7 23. h4 f6 24. Qh6 Ne5 25. Ne4 Rf8 26. h5 Be8 27. Qf4 dxe4
28. Rd6 Rc6 29. Bxe6+ Bf7 30. hxg6 Nxg6 31. Qxf6 Rxd6 32. Bxf7+ Rxf7 33. Qxd6
Qxf2+ 34. Kh1 e3 35. Qd8+ Nf8 36. Qg5+ Rg7 37. Qd5+ Kh8 38. Qf3 e2 0-1

[Event "III Weekend B"]
[Site "Lesa ITA"]
[Date "2014.09.19"]
[Round "1"]
[White "Benazzo, Angelo"]
[Black "Nipote, Mario"]
[WhiteElo "1676"]
[BlackElo "1537"]
[Result "1-0"]
[PlyCount "107"]
[EventDate "2014.09.19"]

1. Nf3 d5 2. g3 Nf6 3. Bg2 Bg4 4. d3 e6 5. O-O c5 6. Nbd2 Nc6 7. h3 Bh5 8. c4
Be7 9. Re1 O-O 10. Qb3 Qd7 11. cxd5 Nxd5 12. Nc4 Bxf3 13. Bxf3 Nd4 14. Qd1
Nxf3+ 15. exf3 Rfd8 16. a3 b5 17. Ne5 Qc7 18. Qe2 b4 19. Bd2 a5 20. Rac1 Qb6
21. f4 Rac8 22. h4 Bf6 23. Nc4 Qa6 24. Rc2 a4 25. Be3 Nxe3 26. fxe3 bxa3 27.
bxa3 Rb8 28. Rd1 h6 29. Kf1 Rb3 30. e4 Bd4 31. g4 Rdb8 32. g5 hxg5 33. hxg5 Qb7
34. Na5 Qc7 35. Qd2 Rb2 36. Rdc1 Rxc2 37. Rxc2 Rb1+ 38. Ke2 Rh1 39. Kf3 Rh3+
40. Kg4 Rh1 41. Nc4 e5 42. Rc1 Rxc1 43. Qxc1 exf4 44. Qxf4 Qxf4+ 45. Kxf4 g6
46. Nb6 Kf8 47. Nxa4 Ke7 48. Nb6 Kd6 49. Nc4+ Ke7 50. a4 Bc3 51. e5 Ke6 52. Ke4
Be1 53. a5 Bh4 54. a6 1-0

[Event "III Weekend B"]
[Site "Lesa ITA"]
[Date "2014.09.19"]
[Round "1"]
[White "Brioschi, Camillo"]
[Black "Modaffari, Giuseppe"]
[WhiteElo "1783"]
[BlackElo "1600"]
[Result "1-0"]
[PlyCount "65"]
[EventDate "2014.09.19"]

1. d4 Nf6 2. c4 g6 3. Nc3 Bg7 4. e4 d6 5. Be2 O-O 6. f4 c5 7. Nf3 Na6 8. d5 Nc7
9. e5 dxe5 10. fxe5 Ng4 11. Bf4 f6 12. e6 Ne8 13. Qd2 Nd6 14. O-O a6 15. a4 b6
16. h3 Ne5 17. Nxe5 fxe5 18. Bh6 Nf5 19. Bxg7 Kxg7 20. Ne4 Rb8 21. g4 Nd6 22.
Rxf8 Qxf8 23. Rf1 Nxe4 24. Qe3 Nf6 25. Qxe5 Bxe6 26. dxe6 h6 27. h4 Kh7 28. g5
Qd8 29. gxf6 exf6 30. Rxf6 Qd4+ 31. Qxd4 cxd4 32. Bd3 Rg8 33. e7 1-0

[Event "III Weekend B"]
[Site "Lesa ITA"]
[Date "2014.09.19"]
[Round "1"]
[White "Cavagna, Marco"]
[Black "Adda, Roberto"]
[WhiteElo "1520"]
[BlackElo "1671"]
[Result "0-1"]
[PlyCount "110"]
[EventDate "2014.09.19"]

1. d4 e6 2. c4 d5 3. e3 Nf6 4. Nc3 Be7 5. Nf3 O-O 6. Bd3 Nbd7 7. O-O b6 8. b3
Bb7 9. Re1 c5 10. Bb2 a6 11. a4 Qc7 12. h3 cxd4 13. exd4 Qf4 14. Ne2 Qb8 15.
Bc3 dxc4 16. bxc4 Bxf3 17. gxf3 Qb7 18. Ng3 Rac8 19. Rb1 Qc7 20. Qd2 Bd6 21.
Kg2 h6 22. Qe2 Bf4 23. Bd2 Rfe8 24. c5 bxc5 25. Bxa6 Rb8 26. Bb5 e5 27. dxc5
Qxc5 28. Bb4 Qc7 29. Red1 Rbc8 30. Nf5 Nc5 31. Bxe8 Rxe8 32. Qb5 Ne6 33. Ne7+
Rxe7 34. Bxe7 Qxe7 35. a5 e4 36. Qe2 Bc7 37. a6 Nf4+ 38. Kf1 Nxe2 39. Rb7 Qe6
40. a7 Qxh3+ 41. Ke1 Ba5+ 42. Kxe2 Qxf3+ 43. Kf1 Qxd1+ 44. Kg2 Qg4+ 45. Kf1
Qd1+ 46. Kg2 Qg4+ 47. Kf1 Qd1+ 48. Kg2 Qf3+ 49. Kg1 Ng4 50. a8=Q+ Kh7 51. Rb2
Qd1+ 52. Kg2 Qf3+ 53. Kg1 Bc7 54. Qb7 Qf4 55. Rb4 Qxf2+ 0-1

[Event "III Weekend B"]
[Site "Lesa ITA"]
[Date "2014.09.19"]
[Round "1"]
[White "Floris, Marco"]
[Black "Pedoni, Lorenzo"]
[WhiteElo "1561"]
[BlackElo "1702"]
[Result "1/2-1/2"]
[PlyCount "26"]
[EventDate "2014.09.19"]

1. e4 c5 2. Nf3 Nc6 3. c3 Nf6 4. e5 Nd5 5. d4 cxd4 6. cxd4 e6 7. a3 d6 8. Be2
dxe5 9. dxe5 g6 10. b4 Bg7 11. Bb2 O-O 12. Nbd2 Nf4 13. O-O Nd3 1/2-1/2

[Event "III Weekend B"]
[Site "Lesa ITA"]
[Date "2014.09.19"]
[Round "1"]
[White "Gherghel-butan, Mircea"]
[Black "Borghi, Dario"]
[WhiteElo "1589"]
[BlackElo "1779"]
[Result "1/2-1/2"]
[PlyCount "72"]
[EventDate "2014.09.19"]

1. d4 g6 2. Nf3 Bg7 3. Bf4 Nf6 4. e3 d6 5. Be2 Nbd7 6. O-O O-O 7. Nbd2 b6 8. c3
Bb7 9. h3 Qc8 10. Re1 h6 11. Bd3 Nh5 12. Bh2 e5 13. Qc2 f5 14. e4 f4 15. Bc4+
Kh7 16. dxe5 Nxe5 17. Nxe5 Bxe5 18. f3 Ba6 19. Bxa6 Qxa6 20. Nb3 Rf6 21. Qe2
Qxe2 22. Rxe2 c5 23. Nd2 b5 24. a4 b4 25. Nc4 bxc3 26. Nxe5 cxb2 27. Rxb2 dxe5
28. Rb5 Rc6 29. Rc1 Rac8 30. Kf1 Nf6 31. Bg1 Nd7 32. Ra5 a6 33. Ke2 Kg7 34. Kd3
Kf6 35. Kc3 Ke6 36. Rd1 Rb8 1/2-1/2

[Event "III Weekend B"]
[Site "Lesa ITA"]
[Date "2014.09.19"]
[Round "1"]
[White "Grudina, Marco"]
[Black "Gherghel-butan, Maria"]
[WhiteElo "1775"]
[BlackElo "1588"]
[Result "1/2-1/2"]
[PlyCount "73"]
[EventDate "2014.09.19"]

1. e4 c6 2. c4 d5 3. exd5 cxd5 4. cxd5 Nf6 5. Bb5+ Bd7 6. Qa4 Nxd5 7. Nc3 Nxc3
8. dxc3 Bxb5 9. Qxb5+ Qd7 10. Qe2 e6 11. Bf4 Nc6 12. Rd1 Qc8 13. Nf3 Be7 14.
O-O O-O 15. Rd3 Rd8 16. Rfd1 Rxd3 17. Rxd3 Qe8 18. Qd1 Rd8 19. Bc7 Rxd3 20.
Qxd3 Bd8 21. Bxd8 Qxd8 22. Qxd8+ Nxd8 23. Nd4 Kf8 24. Kf1 Ke7 25. Ke2 Kd7 26.
Kd3 Nc6 27. f4 Nxd4 28. Kxd4 Kd6 29. c4 b6 30. b4 f6 31. g4 h6 32. h3 g5 33.
Ke4 gxf4 34. Kxf4 Kc6 35. Ke4 a5 36. a3 Kb7 37. Ke3 1/2-1/2

[Event "III Weekend B"]
[Site "Lesa ITA"]
[Date "2014.09.19"]
[Round "1"]
[White "Maffeo, Mauro"]
[Black "Stephan, Kenzo"]
[WhiteElo "1710"]
[BlackElo "1571"]
[Result "0-1"]
[PlyCount "72"]
[EventDate "2014.09.19"]

1. d4 d5 2. e3 Nf6 3. f4 c5 4. c3 e6 5. Bd3 Nc6 6. Nf3 Bd6 7. O-O O-O 8. Ne5
Bd7 9. Nd2 cxd4 10. exd4 Bc7 11. Qe1 Ne8 12. Rf3 Nd6 13. Rh3 h6 14. Qg3 Kh8 15.
Nxf7+ Rxf7 16. Qg6 Qg8 17. Nf3 Rf6 18. Rxh6+ gxh6 19. Qxf6+ Qg7 20. Qh4 Rg8 21.
Qf2 Ne4 22. Qe2 Be8 23. Be3 Bh5 24. Rf1 Qg4 25. Qc2 Bxf4 26. Bxf4 Qxf4 27. Ne1
Qe3+ 28. Kh1 Nd2 29. Rg1 Nf3 30. Nxf3 Bxf3 31. Bf1 Be4 32. Qd1 Qg5 33. Qe2 Ne7
34. Qf2 Nf5 35. a3 Qe3 36. Qe2 Qh3 0-1

[Event "III Weekend B"]
[Site "Lesa ITA"]
[Date "2014.09.19"]
[Round "1"]
[White "Megret, Jean"]
[Black "Fragni, Enrico"]
[WhiteElo "1722"]
[BlackElo "1580"]
[Result "1-0"]
[PlyCount "75"]
[EventDate "2014.09.19"]

1. e4 d6 2. d4 Nf6 3. Nc3 c6 4. Be2 Nbd7 5. Bg5 e5 6. Nf3 Be7 7. Qd2 h6 8. Be3
Qc7 9. h3 Nf8 10. O-O-O Ng6 11. g4 Nh7 12. Rdg1 f6 13. h4 Bd7 14. d5 a6 15. g5
Nf4 16. gxh6 g5 17. hxg5 fxg5 18. Ne1 O-O-O 19. dxc6 Bxc6 20. Bg4+ Kb8 21. Bf5
d5 22. Bxf4 exf4 23. exd5 Bb4 24. Bxh7 Rxh7 25. Rxg5 Bxc3 26. Qxc3 Bxd5 27.
Qxc7+ Kxc7 28. Rh4 f3 29. Rg7+ Rd7 30. Rxd7+ Kxd7 31. Rh3 Kc6 32. Kd2 b5 33.
Nxf3 Bxf3 34. Rxf3 Rxh6 35. Kc3 a5 36. Rd3 Kc5 37. Rf3 Kd5 38. Rg3 1-0

[Event "III Weekend B"]
[Site "Lesa ITA"]
[Date "2014.09.19"]
[Round "1"]
[White "Nai, Giovanni"]
[Black "Biava, Pierluigi"]
[WhiteElo "1831"]
[BlackElo "1635"]
[Result "1-0"]
[PlyCount "93"]
[EventDate "2014.09.19"]

1. e4 e5 2. Nf3 Nc6 3. Bb5 Nge7 4. Nc3 g6 5. d3 Bg7 6. Be3 a6 7. Ba4 b5 8. Bb3
Na5 9. Qd2 Nxb3 10. axb3 Bb7 11. O-O f5 12. Bh6 Bf6 13. Bg5 Nc6 14. Bxf6 Qxf6
15. Nd5 Qd8 16. Qh6 fxe4 17. dxe4 Nd4 18. Nxe5 Bxd5 19. exd5 Qf6 20. Ng4 Ne2+
21. Kh1 Qf4 22. Qxf4 Nxf4 23. Rfe1+ Kd8 24. Ne3 Rf8 25. Ra5 Rf6 26. Rea1 Rb6
27. g3 Nh3 28. Kg2 Ng5 29. f4 Ne4 30. Kf3 Nd6 31. g4 Nb7 32. R5a2 Ke7 33. Rd1
Nd6 34. c4 bxc4 35. bxc4 Rb3 36. Ke2 Rab8 37. Rd2 Ne4 38. Rc2 Nc5 39. h4 Nd3
40. d6+ Kxd6 41. Rd2 Kc5 42. Rxd3 Rxb2+ 43. Rxb2 Rxb2+ 44. Rd2 Rxd2+ 45. Kxd2
a5 46. Kc3 a4 47. f5 1-0

[Event "III Weekend B"]
[Site "Lesa ITA"]
[Date "2014.09.19"]
[Round "1"]
[White "Pivari, Flavio"]
[Black "Giovarruscio, Gabriele"]
[WhiteElo "1433"]
[BlackElo "1653"]
[Result "1/2-1/2"]
[PlyCount "96"]
[EventDate "2014.09.19"]

1. d4 Nf6 2. c4 e6 3. Nc3 Bb4 4. a3 Bxc3+ 5. bxc3 O-O 6. Nf3 b6 7. Bg5 Bb7 8.
e3 h6 9. Bh4 d6 10. Bd3 Nbd7 11. O-O Qc8 12. h3 Be4 13. Qe2 Qb7 14. a4 Rfe8 15.
Kh2 a5 16. Rg1 Bxd3 17. Qxd3 Qe4 18. Qe2 Rac8 19. Rac1 Qc6 20. Ra1 Ne4 21. Qd3
g5 22. Bg3 Ndf6 23. Nd2 Nxd2 24. Qxd2 Ne4 25. Qd3 Nxg3 26. fxg3 e5 27. e4 exd4
28. Qxd4 Qxe4 29. Qf6 Re6 30. Qf1 Rce8 31. c5 dxc5 32. Qb5 Qc6 33. Qc4 Re4 34.
Qd3 Qd6 35. Qb5 Re3 36. Rgf1 Qxg3+ 37. Kh1 R8e7 38. c4 g4 39. Qc6 R3e6 40. Qd5
Qe5 41. Qd3 Qd4 42. Qg3 Rg6 43. Rae1 Qxc4 44. Rxe7 gxh3 45. Re8+ Kh7 46. Qxh3
Rg4 47. g3 Qd5+ 48. Kh2 Rxg3 1/2-1/2

[Event "III Weekend B"]
[Site "Lesa ITA"]
[Date "2014.09.19"]
[Round "1"]
[White "Rigotti, Gianluigi"]
[Black "Tinelli, Fulvio"]
[WhiteElo "1582"]
[BlackElo "1775"]
[Result "0-1"]
[PlyCount "80"]
[EventDate "2014.09.19"]

1. e4 e6 2. d4 d5 3. Nd2 Nf6 4. e5 Nfd7 5. Ngf3 c5 6. c3 Qb6 7. Qb3 Nc6 8. Qxb6
axb6 9. Nb3 Be7 10. Bb5 O-O 11. Be3 c4 12. Nbd2 f6 13. exf6 gxf6 14. b3 cxb3
15. Nxb3 Re8 16. O-O Nf8 17. c4 Bd7 18. cxd5 exd5 19. a4 Bd6 20. h3 Re7 21. Bh6
Ne6 22. Rfe1 Rae8 23. Kf1 Nc7 24. Rxe7 Rxe7 25. Bd3 Bb4 26. Bd2 Ne8 27. Bb5
Bxd2 28. Nfxd2 Nd6 29. Be2 Bf5 30. Bf3 Bd3+ 31. Kg1 Ne4 32. Nf1 Bc4 33. Rb1 Nc3
34. Rc1 Nxa4 35. Rxc4 dxc4 36. Bd5+ Kg7 37. Bxc4 Na5 38. Ne3 Rxe3 39. Nxa5 Re1+
40. Kh2 bxa5 0-1

[Event "III Weekend B"]
[Site "Lesa ITA"]
[Date "2014.09.19"]
[Round "1"]
[White "Rossi, Emanuele"]
[Black "Trisconi, Alessio"]
[WhiteElo "1579"]
[BlackElo "1715"]
[Result "1-0"]
[PlyCount "79"]
[EventDate "2014.09.19"]

1. e4 c6 2. Nf3 d5 3. e5 Bg4 4. Be2 Nd7 5. d4 e6 6. O-O c5 7. c3 cxd4 8. cxd4
Ne7 9. Bf4 Qb6 10. Nc3 Nf5 11. Be3 Bb4 12. Na4 Qd8 13. a3 Nxe3 14. fxe3 Be7 15.
b4 O-O 16. Nd2 Bf5 17. Nc3 a6 18. Nxd5 Bg5 19. Nf4 Nb6 20. Nb3 Rc8 21. Nc5 Qe7
22. e4 Bxf4 23. Rxf4 Bg6 24. Qf1 Rfd8 25. Rd1 Qe8 26. Nxb7 Rd7 27. Nd6 Rxd6 28.
exd6 e5 29. dxe5 Qxe5 30. Bxa6 Rd8 31. d7 Rxd7 32. Rxd7 Nxd7 33. Kh1 Nf6 34.
Qc4 h6 35. Qc8+ Kh7 36. Rf1 Bxe4 37. b5 Qg5 38. Qh3 Qd2 39. Bc8 Nh5 40. Bf5+
1-0

[Event "III Weekend B"]
[Site "Lesa ITA"]
[Date "2014.09.19"]
[Round "1"]
[White "Zahner, Rolf"]
[Black "Recanatini, Italo"]
[WhiteElo "1625"]
[BlackElo "1795"]
[Result "1/2-1/2"]
[PlyCount "121"]
[EventDate "2014.09.19"]

1. e4 d5 2. exd5 Qxd5 3. Nc3 Qa5 4. d4 c6 5. Bd2 Qc7 6. Nf3 Bg4 7. Be2 Bxf3 8.
Bxf3 e6 9. Ne4 Nd7 10. Qe2 Ngf6 11. O-O-O O-O-O 12. Nxf6 Nxf6 13. Bg5 Be7 14.
g3 h6 15. Bf4 Bd6 16. Bxd6 Rxd6 17. c3 Kb8 18. Rhe1 Rhd8 19. Kb1 c5 20. dxc5
Qxc5 21. Rxd6 Qxd6 22. Qe5 Qxe5 23. Rxe5 Rd2 24. Re2 Rxe2 25. Bxe2 Kc7 26. Kc2
Kd6 27. Kd3 b6 28. b4 g5 29. a4 Nd7 30. Kc4 a6 31. Kd4 a5 32. h3 f5 33. bxa5
bxa5 34. Kc4 Kc6 35. Kd4 e5+ 36. Ke3 Nf6 37. Bc4 Kc5 38. Be6 f4+ 39. gxf4 exf4+
40. Kd3 h5 41. Bf7 g4 42. hxg4 h4 43. g5 h3 44. gxf6 h2 45. Bd5 Kxd5 46. f7
h1=Q 47. f8=Q Qf3+ 48. Kc2 Qxf2+ 49. Kb3 Qb6+ 50. Kc2 Qg6+ 51. Kc1 Qg1+ 52. Kc2
Qf2+ 53. Kb3 Ke4 54. Qe7+ Kd3 55. Qd6+ Ke2 56. Qa6+ Kd2 57. Qxa5 Qe3 58. Qd5+
Ke2 59. Qg2+ Kd3 60. Qd5+ Ke2 61. Qg2+ 1/2-1/2

[Event "III Weekend B"]
[Site "Lesa ITA"]
[Date "2014.09.20"]
[Round "2"]
[White "Adda, Roberto"]
[Black "Nai, Giovanni"]
[WhiteElo "1671"]
[BlackElo "1831"]
[Result "1-0"]
[PlyCount "101"]
[EventDate "2014.09.19"]

1. e4 e5 2. Nf3 Nc6 3. Nc3 Nf6 4. d4 exd4 5. Nxd4 d6 6. Be2 Be7 7. Be3 Ne5 8.
h3 c5 9. Nb3 a6 10. f4 Nc6 11. Bf3 Qc7 12. O-O Be6 13. Nd5 Bxd5 14. exd5 Na5
15. Qe1 O-O 16. Qxa5 Qd7 17. Qe1 Rfe8 18. Qg3 Qf5 19. Rac1 Nxd5 20. Bxd5 Qxd5
21. Qf3 Qe6 22. Bd2 d5 23. Rfe1 Qd6 24. Re5 Red8 25. c3 a5 26. Rce1 Bf6 27.
R5e2 a4 28. Nc1 c4 29. a3 h6 30. Na2 d4 31. Nb4 d3 32. Re4 b5 33. Kh1 Qd7 34.
Qh5 Re8 35. Rxe8+ Rxe8 36. Rxe8+ Qxe8 37. Nd5 Bd8 38. Qe5 Qd7 39. f5 Kh7 40. f6
g6 41. Qf4 g5 42. Qe4+ Kh8 43. h4 Qe6 44. Qxe6 fxe6 45. Ne7 Bc7 46. hxg5 hxg5
47. Bxg5 Kh7 48. g4 Be5 49. f7 Kg7 50. f8=Q+ Kxf8 51. Ng6+ 1-0

[Event "III Weekend B"]
[Site "Lesa ITA"]
[Date "2014.09.20"]
[Round "2"]
[White "Biava, Pierluigi"]
[Black "Cavagna, Marco"]
[WhiteElo "1635"]
[BlackElo "1520"]
[Result "1/2-1/2"]
[PlyCount "131"]
[EventDate "2014.09.19"]

1. e4 c5 2. Nc3 Nc6 3. f4 d6 4. Nf3 g6 5. Bc4 Bg4 6. Bxf7+ Kd7 7. h3 Bxf3 8.
Qxf3 Nf6 9. O-O Nd4 10. Qd3 a6 11. e5 Ne8 12. Qe4 Qc7 13. Bd5 Rb8 14. Ne2 Nxe2+
15. Qxe2 Ng7 16. e6+ Kd8 17. c3 Nf5 18. g4 Ng3 19. Qg2 Nxf1 20. Qxf1 Bg7 21. d3
Rf8 22. f5 gxf5 23. gxf5 Be5 24. Qg2 Qb6 25. Qg4 Kc7 26. Qa4 Rg8+ 27. Bg2 Qb5
28. Qxb5 axb5 29. Bh6 Bg7 30. Be3 Rbf8 31. Rf1 b4 32. d4 bxc3 33. bxc3 Ra8 34.
Ra1 Ra3 35. Rb1 b6 36. dxc5 Rb8 37. cxb6+ Kc8 38. b7+ Kc7 39. Bd4 Bxd4+ 40.
cxd4 Rxa2 41. Rc1+ Kd8 42. Rb1 Ra5 43. Rf1 Ra3 44. f6 exf6 45. Rxf6 Ke7 46. Rh6
Rg3 47. d5 Rg7 48. Rh4 Rxb7 49. Rg4 Rxg4 50. hxg4 Rb4 51. Bf3 Rf4 52. Kg2 Rf6
53. Kg3 Rg6 54. Be4 Rg7 55. Bf5 Kf6 56. Kf4 h5 57. gxh5 Rg5 58. Bg6 Rxd5 59. e7
Kxe7 60. h6 Kf6 61. h7 Kg7 62. Bf5 Rd4+ 63. Ke3 Rh4 64. Be4 Rh5 65. Kd4 Kh8 66.
Bg6 1/2-1/2

[Event "III Weekend B"]
[Site "Lesa ITA"]
[Date "2014.09.20"]
[Round "2"]
[White "Borghi, Dario"]
[Black "Zahner, Rolf"]
[WhiteElo "1779"]
[BlackElo "1625"]
[Result "1/2-1/2"]
[PlyCount "92"]
[EventDate "2014.09.19"]

1. c4 b6 2. Nc3 Bb7 3. Nf3 e6 4. g3 Nf6 5. Bg2 Be7 6. b3 O-O 7. O-O d5 8. e3
dxc4 9. bxc4 Nbd7 10. Qc2 Nc5 11. d4 Ncd7 12. Rd1 c6 13. Bb2 Qc7 14. a3 Rad8
15. e4 e5 16. d5 cxd5 17. cxd5 Ne8 18. Qe2 Nd6 19. Rac1 f6 20. Bh3 Nc5 21. Nh4
Bc8 22. Bxc8 Rxc8 23. Qg4 Qd7 24. Qxd7 Nxd7 25. Re1 g6 26. a4 Nc4 27. Ba1 Nd6
28. Ng2 Rc4 29. Ne3 Rcc8 30. Nf1 Nc5 31. Rcd1 Nb3 32. Nb5 Nxb5 33. axb5 Rc5 34.
Rb1 Nxa1 35. Rxa1 Ra8 36. Rab1 Rc4 37. Nd2 Rb4 38. Nf3 Bc5 39. Rxb4 Bxb4 40.
Rc1 Bc5 41. Nd2 a5 42. Nb3 Be7 43. Rc7 Kf8 44. Rc6 a4 45. Na1 Bd8 46. Rc4 Be7
1/2-1/2

[Event "III Weekend B"]
[Site "Lesa ITA"]
[Date "2014.09.20"]
[Round "2"]
[White "Fragni, Enrico"]
[Black "Maffeo, Mauro"]
[WhiteElo "1580"]
[BlackElo "1710"]
[Result "0-1"]
[PlyCount "66"]
[EventDate "2014.09.19"]

1. c4 e6 2. Nc3 f5 3. g3 Nf6 4. Bg2 c6 5. e4 fxe4 6. Nxe4 d5 7. Nxf6+ Qxf6 8.
Qe2 Be7 9. Nf3 O-O 10. O-O Bc5 11. Rb1 a5 12. b3 d4 13. d3 Re8 14. Bf4 Nd7 15.
Ne5 Nxe5 16. Bxe5 Qf8 17. Be4 g6 18. h4 Qh6 19. Kg2 Rf8 20. Rh1 Bd7 21. h5 g5
22. Rbg1 Rf7 23. f4 Raf8 24. Qg4 Be7 25. Bxd4 e5 26. Qxd7 exd4 27. Qxd4 gxf4
28. gxf4 Rg7+ 29. Kf1 Qxf4+ 30. Ke2 Bg5 31. Qc3 Qe3+ 32. Kd1 Rf2 33. Rg2 Qe2#
0-1

[Event "III Weekend B"]
[Site "Lesa ITA"]
[Date "2014.09.20"]
[Round "2"]
[White "Gherghel-butan, Maria"]
[Black "Alessandro, Sergio"]
[WhiteElo "1588"]
[BlackElo "1664"]
[Result "0-1"]
[PlyCount "72"]
[EventDate "2014.09.19"]

1. e4 d5 2. exd5 Qxd5 3. Nc3 Qe6+ 4. Be2 Qg6 5. Bf3 Nc6 6. Nge2 e5 7. Ng3 Nd4
8. d3 Ne7 9. Bh5 Qb6 10. O-O g6 11. Be2 f5 12. Rb1 Be6 13. Re1 f4 14. Nge4 Bg7
15. b3 O-O 16. Ba3 Rfe8 17. Na4 Qc6 18. Nec5 Nef5 19. c3 Nh4 20. Ne4 Nb5 21.
Bb2 Rad8 22. Qc2 Nd4 23. Qd1 Nxe2+ 24. Qxe2 b6 25. Rbd1 f3 26. gxf3 Rf8 27. Nd2
Bg4 28. Qe4 Qxe4 29. dxe4 Rxd2 30. Rxd2 Nxf3+ 31. Kg2 Nxd2 32. c4 Nxe4 33. Nc3
Rxf2+ 34. Kg1 Rxb2 35. Rxe4 Bf3 36. Re3 e4 0-1

[Event "III Weekend B"]
[Site "Lesa ITA"]
[Date "2014.09.20"]
[Round "2"]
[White "Giovarruscio, Gabriele"]
[Black "Floris, Marco"]
[WhiteElo "1653"]
[BlackElo "1561"]
[Result "0-1"]
[PlyCount "84"]
[EventDate "2014.09.19"]

1. d4 d5 2. c4 e6 3. Nf3 Nf6 4. g3 c5 5. Bg2 Nc6 6. cxd5 exd5 7. O-O cxd4 8.
Nxd4 Bc5 9. Nb3 Bb6 10. Bf4 d4 11. N1d2 O-O 12. Ne4 Bf5 13. Nxf6+ gxf6 14. Bh6
Re8 15. Rc1 Be4 16. e3 f5 17. exd4 Bxg2 18. Kxg2 Nxd4 19. Nxd4 Qxd4 20. Qxd4
Bxd4 21. Rc7 b6 22. b3 Re6 23. Bf4 Bc5 24. Rd7 Re2 25. a4 a5 26. Rd5 Kg7 27.
Rxf5 Kg6 28. Rd5 Rb2 29. Rd3 Re8 30. Rf3 Re4 31. Bc1 Rb1 32. Bd2 Rb2 33. Re1
Rxe1 34. Bxe1 f5 35. h4 Ra2 36. Bc3 h5 37. Be5 Re2 38. Bc7 Rb2 39. Be5 Re2 40.
Bf4 Kf6 41. Kf1 Re4 42. Bd2 Ke6 0-1

[Event "III Weekend B"]
[Site "Lesa ITA"]
[Date "2014.09.20"]
[Round "2"]
[White "Modaffari, Giuseppe"]
[Black "Frignani, Alessandro"]
[WhiteElo "1600"]
[BlackElo "1467"]
[Result "0-1"]
[PlyCount "94"]
[EventDate "2014.09.19"]

1. e4 e5 2. Nf3 Qf6 3. Nc3 c6 4. Be2 Bc5 5. O-O h6 6. d4 Bxd4 7. Nxd4 exd4 8.
Na4 b5 9. Nc5 Qe5 10. Nd3 Qxe4 11. Re1 Ne7 12. Bh5 Qd5 13. Ne5 g6 14. Bf3 Qd6
15. Qe2 O-O 16. Bxh6 Re8 17. Qd3 Nf5 18. Ng4 Re6 19. Rad1 Qe7 20. Qd2 d5 21.
Bg5 Qd6 22. c3 dxc3 23. Qxc3 d4 24. Qd2 Na6 25. Be4 Nc5 26. Bxf5 Rxe1+ 27. Rxe1
Bxf5 28. Nh6+ Kg7 29. Nxf5+ gxf5 30. Bf4 Qd7 31. Bh6+ Kh7 32. Qg5 Rg8 33. Qh4
Rg4 34. Qh5 Kg8 35. h3 Rg6 36. Re5 Ne6 37. Bd2 Ng7 38. Qe2 Re6 39. Bf4 d3 40.
Qd2 f6 41. Rxe6 Nxe6 42. Be3 Qd6 43. Bxa7 c5 44. b4 c4 45. Qh6 d2 46. Qg6+ Ng7
47. g3 d1=Q+ 0-1

[Event "III Weekend B"]
[Site "Lesa ITA"]
[Date "2014.09.20"]
[Round "2"]
[White "Nipote, Mario"]
[Black "Rigotti, Gianluigi"]
[WhiteElo "1537"]
[BlackElo "1582"]
[Result "0-1"]
[PlyCount "108"]
[EventDate "2014.09.19"]

1. Nf3 Nf6 2. d4 d5 3. e3 e6 4. c4 Bb4+ 5. Nc3 Ne4 6. Qc2 O-O 7. Bd3 f5 8. cxd5
exd5 9. O-O c6 10. a3 Bxc3 11. bxc3 Nd7 12. Bb2 c5 13. c4 Nb6 14. dxc5 Nxc5 15.
Qc3 Qe7 16. Be2 Nca4 17. Qc2 Nxb2 18. Qxb2 Nxc4 19. Bxc4 dxc4 20. Nd4 a6 21. a4
f4 22. exf4 Rxf4 23. Rac1 Qc5 24. Ne2 Rf6 25. Ng3 Rb6 26. Qc2 Be6 27. Rfe1 Bf7
28. Re3 Rc6 29. Qc3 b5 30. axb5 axb5 31. Re5 Qb6 32. Qb4 Rb8 33. Nf5 Rf6 34.
Ne7+ Kh8 35. Qc5 Qxc5 36. Rxc5 b4 37. Nd5 Bxd5 38. Rxd5 c3 39. Rc5 Rfb6 40. Rc4
h6 41. Kf1 Kh7 42. Ke2 Re8+ 43. Kd3 Rd6+ 44. Rd4 Rxd4+ 45. Kxd4 Re2 46. Kc4
Rxf2 47. Kxb4 Rxg2 48. h3 c2 49. Kc4 Kg6 50. Kd4 Kh5 51. Kd3 Kh4 52. Rh1 g5 53.
Kc3 Kg3 54. Kd3 Rh2 0-1

[Event "III Weekend B"]
[Site "Lesa ITA"]
[Date "2014.09.20"]
[Round "2"]
[White "Pedoni, Lorenzo"]
[Black "Gherghel-butan, Mircea"]
[WhiteElo "1702"]
[BlackElo "1589"]
[Result "1/2-1/2"]
[PlyCount "35"]
[EventDate "2014.09.19"]

1. d4 d5 2. c4 c6 3. Nf3 Nf6 4. e3 Bg4 5. Qb3 Qc7 6. Ne5 e6 7. Nxg4 Nxg4 8. f3
Nf6 9. Nc3 Be7 10. Be2 Nbd7 11. e4 dxc4 12. Qxc4 Nb6 13. Qb3 O-O 14. Be3 Rfd8
15. Rc1 Rac8 16. O-O Qb8 17. a4 c5 18. dxc5 1/2-1/2

[Event "III Weekend B"]
[Site "Lesa ITA"]
[Date "2014.09.20"]
[Round "2"]
[White "Recanatini, Italo"]
[Black "Rossi, Emanuele"]
[WhiteElo "1795"]
[BlackElo "1579"]
[Result "1-0"]
[PlyCount "113"]
[EventDate "2014.09.19"]

1. e4 c5 2. c3 e5 3. Nf3 d6 4. h3 Nf6 5. d3 Be7 6. Bg5 Nbd7 7. Nbd2 h6 8. Bxf6
Bxf6 9. Nc4 Qe7 10. Ne3 Nb6 11. c4 Be6 12. Be2 O-O 13. O-O Rab8 14. Nh2 Bg5 15.
Nd5 Bxd5 16. cxd5 f5 17. Bf3 c4 18. Qe2 Rbc8 19. exf5 cxd3 20. Qxd3 Nc4 21. Be4
Nxb2 22. Qe2 Nc4 23. Nf3 Rc7 24. Rab1 Rfc8 25. Rb3 a6 26. a4 Na5 27. Rb2 Bf6
28. Rfb1 Nc4 29. Ra2 Qd7 30. Nd2 b5 31. axb5 axb5 32. Bc2 Nxd2 33. Qxd2 Rc5 34.
Bd3 Rxd5 35. Bc4 bxc4 36. Qxd5+ Kh7 37. Rd1 Qxf5 38. f3 Bg5 39. Qe4 Qxe4 40.
fxe4 Be3+ 41. Kf1 Bd4 42. Rc2 Rf8+ 43. Ke1 c3 44. Ke2 Re8 45. Kd3 Rc8 46. Ra1
Rc6 47. g4 g5 48. Rf1 Kg6 49. Rf8 Kg7 50. Rd8 Rb6 51. Kc4 Rb2 52. Rxb2 cxb2 53.
Rb8 Kf6 54. Kd5 Ke7 55. Rb7+ Kd8 56. Kxd6 Kc8 57. Rb3 1-0